| 000 | 00653nam a22002057a 4500 | ||
|---|---|---|---|
| 005 | 20140424155947.0 | ||
| 010 | _aENG-109619 | ||
| 020 |
_c295.00 _a9788189941550 |
||
| 035 | _aEN-93152 | ||
| 037 | _bDBAD/PUB | ||
| 082 | _a571.4 | ||
| 100 | _aKumaresan, V. | ||
| 245 |
_aPrinciples and techniques in biophysics / _cby V. Kumaresan [and] N. Arumugam |
||
| 260 |
_bSaras Publication _c2012 _aNagercoil |
||
| 270 |
_bNagercoil _e629002 _a114/35G, A. R. P. Camp Road, Periavilai, Kottar P. O., |
||
| 300 |
_avi,632p. : _c23cm(pbk) _bill |
||
| 500 | _aIncludes index | ||
| 700 | _aArumugam, N. | ||
| 942 |
_2ddc _cEN _mKUM _h571.4 |
||
| 999 |
_c83160 _d83160 |
||